Derecho Administrativo Contemporǹeo Ponencias del II Congreso de Derecho Administrativo

Bibliographic Details
Format: Unknown
Language:Spanish
Published: Per ︢: Palestra, 2007
Subjects:
Online Access:Acceso restringido

MARC

LEADER 00000ny a22000003n 4500
005 20110608102418.0
008 100514s2007 pe 000 0 spa d
020 |a 9789972224607 
035 |a 4882 
040 |a BUS  |d vLex 
090 |c 563  |d 563 
245 1 0 |a Derecho Administrativo Contemporǹeo  |h [Recurso electrn̤ico]  |b Ponencias del II Congreso de Derecho Administrativo  
256 |a Servicio en ln̕ea 
260 |a Per ︢:  |b Palestra,  |c 2007 
506 1 |a Contenido solo disponible en los productos indicados  |d vLex Global  |d vLex Global (Academic Edition, excluding Law Schools)  |d vLex Global (U.S. Academic Edition, Law Schools)  |d vLex Global (U.S. Academic Edition, excluding Law Schools)  |d vLex Global (Academic Edition, Law Schools) 
650 0 4 |a Derecho administrativo 
740 0 |a vLex Libros (Servicios en ln̕ea) 
856 4 0 |u http://vlex.com/source/4882  |z Acceso restringido 
942 |c BOOK 
999 0 |a Administrative law  |b Per︢